| 000 | 00637nam a22002177a 4500 | ||
|---|---|---|---|
| 999 |
_c7923 _d7923 |
||
| 001 | 21360 | ||
| 003 | BD-DhUAP | ||
| 005 | 20211223115951.0 | ||
| 008 | 211209b2002 a|||| |||| 001 0beng d | ||
| 020 | _a9782080108852 | ||
| 040 |
_aBD-DhUAP _bEng _cBD-DhUAP _dBD-DhUAP _eBD-DhUAP |
||
| 082 |
_222 _a759.4 MIL |
||
| 100 | _a Millet, Laurence. | ||
| 245 |
_aThe little book of Matisse / _c Laurence Millet. |
||
| 260 |
_aParis : _bFlammarion, _c2002. |
||
| 300 |
_a119 pages : _bcol. ill. ; _c 23 cm. |
||
| 504 | _aIncludes bibliographical references and index. | ||
| 600 | _aMatisse, Henri. | ||
| 650 | _aArchitecture. | ||
| 942 |
_2ddc _cBK |
||